Road to Hell - Hadestown - Lyrics - Statistics

General Stats
  • This quiz has been taken 178 times
  • The average score is 404 of 493
Answer Stats
Hint Answer % Correct
a
100%
he
99%
on
99%
On
99%
road
99%
the
99%
to
99%
To
99%
Hell
98%
there
97%
There
97%
was
96%
railroad
95%
an
94%
and
93%
Hermes And
93%
It
93%
it
93%
line
91%
of
91%
where
91%
Where
91%
do
90%
me
90%
time
90%
We
90%
Hermes (ensemble then repeats): you
89%
You
89%
men
88%
so
88%
that
88%
we're
88%
were
88%
Hermes and ensemble: | Hermes: We're
88%
sing
87%
when
87%
Who
87%
Hades
86%
old
86%
son
86%
tale
86%
back
85%
in
85%
In
85%
song
85%
again
84%
Again
84%
all
84%
from
84%
Hermes | Hermes (ensemble then repeats): | Hermes: It's
84%
it's
84%
Persephone
84%
up
84%
way
84%
Don't
82%
don't
82%
gonna
82%
or
82%
sad
82%
Fates
81%
for
81%
god
81%
hard
81%
Hard
81%
gods
80%
Gods
80%
gods'
80%
be
79%
Hermes: Once
79%
Hermes
78%
that's
78%
three
78%
upon
78%
your
78%
boy
77%
his
77%
His
77%
man
77%
times
77%
time's
77%
train
77%
women
77%
any
76%
Orpheus
76%
they
76%
world
76%
as
75%
dressed
75%
Everybody
75%
everybody
75%
got
75%
meet
75%
same
74%
end
73%
mind
73%
station
73%
always
72%
brother
72%
Girl
72%
girl
72%
some
72%
this
72%
With
72%
with
72%
workin'
72%
ask
71%
lady
71%
Mr
71%
Mr.
71%
name
71%
tragedy
71%
Eurydice
70%
feet
70%
house
70%
Oh
70%
ride
70%
singin'
70%
tonight
70%
mine
68%
summertime
68%
feathers
67%
See
67%
see
67%
almost
66%
by
66%
destination
66%
final
66%
forgot
66%
king
66%
off
66%
full
65%
shine
65%
sun
65%
long
64%
muse's
64%
suitcase
64%
them
64%
Almighty
63%
almighty
63%
Let
63%
love
63%
steppin'
63%
are
62%
can
62%
cold
62%
eat
62%
if
62%
Hermes (ensemble then repeats): | Hermes: If
62%
poor
62%
well
62%
what
62%
you'll
62%
ago
61%
find
61%
looking
61%
one
61%
right
61%
tell
61%
working
61%
Hermes: But
60%
come
60%
not
60%
shady
60%
will
60%
young
60%
could
59%
other
59%
Chorus
58%
more
58%
something
58%
thus
58%
begins
57%
forget
57%
hardest
57%
introduce
57%
might
57%
out
57%
Give
56%
help
56%
touched
56%
anyway
55%
few
55%
friend
55%
Let's
55%
a'ight
54%
Aight
54%
gets
54%
say
54%
turn
53%
just
52%
Maybe
51%
soul
49%
Whether
49%
yeah
49%
hats
48%
turns
48%
someone's
47%
themselves
47%
tip
47%
wallets
47%
even
46%
mama
45%
Now
45%
Cause
41%
boys
39%
girls
39%
sisters
38%
Brothers
37%
crew
35%
No matching quizzes found
Score Distribution
Percent of People with Each Score
Percentile by Number Answered
Your Score History
You have not taken this quiz